| 000 | 00366nam a22001457a 4500 | ||
|---|---|---|---|
| 003 | macl | ||
| 005 | 20180728135809.0 | ||
| 008 | 180728b xxu||||| |||| 00| 0 eng d | ||
| 040 | _cmacl | ||
| 100 |
_aKaur , Rinki _972821 |
||
| 245 | _aWomen's Health < Beauty, And Fashion | ||
| 260 |
_aDelhi _bBooks World _c2016 |
||
| 650 |
_aMarketing _972822 |
||
| 942 |
_2ddc _cBK |
||
| 999 |
_c58270 _d58270 |
||